Pays par ses 2 premières lettres - Moyen - Statistiques

Statistiques générales
  • Ce quiz a été pris 996 fois
    893 depuis la dernière actualisation
  • Le résultat moyen est 20 sur 27
Statistiques - réponses
Pays Nombre de lettres Réponse % Correct
UR 7 Uruguay
96%
QA 5 Qatar
91%
YE 5 Yémen
91%
RW 6 Rwanda
90%
ZI 8 Zimbabwe
89%
CR 7 Croatie
87%
SY 5 Syrie
87%
PH 11 Philippines
86%
OM 4 Oman
85%
JA 8 Jamaïque
84%
CU 4 Cuba
81%
JO 8 Jordanie
81%
KE 5 Kenya
81%
SO 7 Somalie
81%
GE 7 Géorgie
74%
LI 5 Liban
74%
NE 5 Népal
72%
LU 10 Luxembourg
71%
NI 9 Nicaragua
68%
PA 6 Panama
67%
IS 6 Israël
66%
MA 10 Madagascar
65%
NA 7 Namibie
58%
SE 7 Sénégal
58%
CH 6 Chypre
57%
MO 8 Mongolie
49%
MA 5 Malte
44%
Aucun quiz correspondant
Distribution des résultats
% des personnes avec chaque résultat
Percentile par nombre de réponses
Votre historique - résultats
Vous n’avez pas pris ce quiz depuis la dernière actualisation